000 00338nam a22001457a 4500
020 _a1-55608-015-8
041 _aENG
100 _aBear Jacob
245 _aModeling Groundwater Flow and Pollution
250 _a414
260 _aBoston
_bD.Reidel Publishing Company
_c1987
650 _aIED
700 _aVerruijt.A
856 _uIED ( 05 )
999 _c1528
_d1528